Международные стандарты финансовой отчетности: учебник для вузов

Detaylı Bibliyografya
Diğer Yazarlar: Гетьман В. Г. Виктор Григорьевич (редактор)
Özet:В учебнике проанализирована система международных стандартов финансовой отчетности (МСФО): ее принципы, формирование, преимущества и целесообразность внедрения. Рассмотрены все МФСО: представление финансовой отчетности; запасы; отчет о движении денежных средств; учетная политика, изменения в расчетных бухгалтерских оценках и ошибках, договора подряда и др. Приведено также отражение финансовой аренды в отчетности арендатора по РСБУ и МФСО и т.д. Для студентов, обучающихся по специальности «Бухгалтерский учет, анализ и аудит», а также для всех желающих повысить свой уровень в области подготовки консолидированной отчетности.
Dil:Rusça
Baskı/Yayın Bilgisi: Москва, Инфра-М, 2014
Edisyon:2-е изд., перераб. и доп.
Seri Bilgileri:Высшее образование
Konular:
Materyal Türü: Kitap
KOHA link:https://koha.lib.tpu.ru/cgi-bin/koha/opac-detail.pl?biblionumber=253972

MARC

LEADER 00000nam0a2200000 4500
001 253972
005 20231101232907.0
010 |a 9785160047690 
035 |a (RuTPU)RU\TPU\book\276393 
035 |a RU\TPU\book\183485 
090 |a 253972 
100 |a 20091106d2014 m y0rusy50 ca 
101 0 |a rus 
102 |a RU 
105 |a a j 000zy 
200 1 |a Международные стандарты финансовой отчетности  |e учебник для вузов  |f под ред. В. Г. Гетьмана 
205 |a 2-е изд., перераб. и доп. 
210 |a Москва  |c Инфра-М  |d 2014 
215 |a 558 с.  |c ил. 
225 1 |a Высшее образование 
330 |a В учебнике проанализирована система международных стандартов финансовой отчетности (МСФО): ее принципы, формирование, преимущества и целесообразность внедрения. Рассмотрены все МФСО: представление финансовой отчетности; запасы; отчет о движении денежных средств; учетная политика, изменения в расчетных бухгалтерских оценках и ошибках, договора подряда и др. Приведено также отражение финансовой аренды в отчетности арендатора по РСБУ и МФСО и т.д. Для студентов, обучающихся по специальности «Бухгалтерский учет, анализ и аудит», а также для всех желающих повысить свой уровень в области подготовки консолидированной отчетности. 
606 1 |a Финансовая отчетность  |2 stltpush  |3 (RuTPU)RU\TPU\subj\67530  |9 83288 
610 1 |a бухгалтерская отчетность 
610 1 |a международные стандарты 
610 1 |a запасы 
610 1 |a МСФО 
610 1 |a IAS 
610 1 |a денежные средства 
610 1 |a учетная политика 
610 1 |a договор подряда 
610 1 |a сегментная отчетность 
610 1 |a основные средства 
610 1 |a аренда 
610 1 |a выручка 
610 1 |a вознаграждение 
610 1 |a правительственные субсидии 
610 1 |a затраты 
610 1 |a валютные курсы 
610 1 |a пенсионное обеспечение 
610 1 |a консолидированная отчетность 
610 1 |a гиперинфляция 
610 1 |a прибыль 
610 1 |a активы 
610 1 |a нематериальные активы 
610 1 |a долгосрочные активы 
610 1 |a учебные пособия 
675 |a 657.6(075.8)  |v 3 
702 1 |a Гетьман  |b В. Г.  |g Виктор Григорьевич  |4 340 
801 1 |a RU  |b 63413507  |c 20140318 
801 2 |a RU  |b 63413507  |c 20150708  |g RCR 
942 |c BK 
959 |a 51/20140317  |d 7  |e 499,90  |f ЧЗГЛ:1  |f АНЛ:1  |f УФ:5